Definiendo políticamente al país Cuadernos de Formación política para la mujer/
El cuaderno No. 1 de Formación Política para la mujer tiene como objetivo identificar las relaciones políticas entre el Sistema Político, la Sociedad Civil y el Estado.
محفوظ في:
| مؤلفون مشاركون: | , |
|---|---|
| التنسيق: | كتاب |
| اللغة: | Spanish |
| منشور في: |
La Paz, Bolivia:
Fundación San Gabriel. Área de Promoción de la Mujer
Sin fecha
|
| سلاسل: | Serie Mujer y Derechos
Cuaderno no.1 |
| الموضوعات: | |
| الوسوم: |
إضافة وسم
لا توجد وسوم, كن أول من يضع وسما على هذه التسجيلة!
|
MARC
| LEADER | 00000nam a2200000 4500 | ||
|---|---|---|---|
| 003 | cru CRAI-IS | ||
| 005 | 20220520190335.0 | ||
| 008 | 210910bs.f. bo ||||| |||| 00| 0 spa d | ||
| 040 | |b spa |c CRAI-IIS | ||
| 090 | |a 05.03.03 F981d | ||
| 110 | 1 | |9 10080 |a Fundación San Gabriel. Área de Promoción de la Mujer | |
| 245 | 1 | |a Definiendo políticamente al país |b Cuadernos de Formación política para la mujer/ |c Fundación San Gabriel. Área de Promoción de la Mujer; Konrad Adenauer Stiftung | |
| 260 | |a La Paz, Bolivia: |b Fundación San Gabriel. Área de Promoción de la Mujer |c Sin fecha | ||
| 300 | |a 12 fichas, 1 hoja, 1 tarjeta |c 21X17cm | ||
| 336 | |b gsso | ||
| 490 | |a Serie Mujer y Derechos |v Cuaderno no.1 | ||
| 500 | |a Colección Alforja | ||
| 505 | |a El juego Definiendo políticamente al país contiene: 1) 1 tarjeta de instrucciones para la persona organizadora 2) 1 hoja de trabajo de grupo 3) 1 juego de 12 fichas de rompecabezas El juego es hasta para 12 personas | ||
| 520 | 3 | |a El cuaderno No. 1 de Formación Política para la mujer tiene como objetivo identificar las relaciones políticas entre el Sistema Político, la Sociedad Civil y el Estado. | |
| 650 | 0 | 0 | |0 TESAUROS |2 OCDE |9 113 |a PARTICIPACION DE LA MUJER |
| 650 | 0 | 0 | |9 3841 |a DERECHOS CIVILES |0 TESAUROS |2 OCDE |
| 650 | 0 | 0 | |9 5239 |a CONSTITUCION POLITICA |0 TESAUROS |
| 710 | 1 | |9 10441 |a Jiménez B., Maritza | |
| 942 | |2 z |c LI |h 05.03.03 F981d |i 22585 |6 050303_F981D_22585 | ||
| 999 | |c 44256 |d 44256 | ||
